000 00799nam1a22002171i 4500
001 rc\158775
005 20240723212011.0
035 _a(NLR Aleph) 005615356
090 _a6450335
_c6450335
100 _a20030307g19929999u |0rusy50 ca
101 0 _arus
102 _aRU
105 _ay |||||||||
200 1 _aМетоды изучения личности
_fМ-во образования Рос. Федерации. М-во нар. образования Коми ССР. Коми гос. пед. ин-т
_g[Составители Ильчукова Н.В., Ильчукова Е.А.]
210 _aСыктывкар
_cКГПИ
_d1992-
215 _d20
702 1 _aИльчукова
_bН.В.
_4220
801 0 _aRU
_bNLR
_gpsbo
801 1 _aRU
_bELAR
_2rusmarc
852 _aNLR
_j93-4/2624
942 _cBOOK